| 000 | 00719nam a2200241Ia 4500 | ||
|---|---|---|---|
| 008 | 170203s9999 xx 000 0 und d | ||
| 020 | _a1 888777516 | ||
| 050 | _a413 | ||
| 050 | _bT374 1997 | ||
| 245 | 4 | _aThe new international Webster's pocket spelling dictionary of the English language / | |
| 245 | _cTrident Press International. | ||
| 250 | _aNew revised edition. | ||
| 260 | _aUnited States : | ||
| 260 | _bTrident Press International, | ||
| 260 | _c2000 | ||
| 300 | _a318 pages ; | ||
| 300 | _c17 cm. | ||
| 650 | _aEnglish language -- | ||
| 650 | _aEnglish language -- Orthography and spelling -- | ||
| 650 | _aSpellers. | ||
| 650 | _xDictionaries. | ||
| 650 | _xOrthography and spelling. | ||
| 999 |
_c305714 _d305714 |
||